El pequeño Larousse ilustrado 2002. 90.000 palabras, 5000 ilustraciones en color, 250 mapas históricos y geográficos

Uloženo v:
Podrobná bibliografie
Médium: Kniha
Jazyk:španělština
Vydáno: Barcelona Spes 2001
Témata:
Tagy: Přidat tag
Žádné tagy, Buďte první, kdo vytvoří štítek k tomuto záznamu!

MARC

LEADER 00000nam a2200000 a 4500
001 UCM0825
003 CL-VaPUC
008 020315e20010000SP |||||||||||||||||spa|d
082 0 4 |a 036.1  |b PEQ  |2 21 
245 1 3 |a El pequeño Larousse ilustrado 2002. 90.000 palabras, 5000 ilustraciones en color, 250 mapas históricos y geográficos 
300 |a 1792 p 
942 |c BK 
945 |d 20020315 00:00:00  |a cmena 
260 |a Barcelona  |b Spes  |c 2001 
500 |a Incluye Cd-Rom 
650 7 |a ESPAÑOL -ENCICLOPEDIAS  |2 CL-VaPUC  |9 467826 
583 |a last modification  |c 20020315 00:00:00  |k Rodrigo Vera 
999 |c 299641  |d 299639 
952 |0 0  |1 0  |4 0  |6 036_100000000000000_PEQ_2001  |7 0  |8 X  |9 356384  |a BIBHIS  |b BIBHIS  |d 2019-11-21  |i 3798348  |o 036.1 PEQ 2001  |p 3798348  |r 2024-01-30  |w 2019-11-21  |y BK_X  |k HIS